| 000 | 01750nam a2200253Ia 4500 | ||
|---|---|---|---|
| 008 | 260220t1985||||xx |||||||||||||| ||spa|| | ||
| 020 | _a8475332803 | ||
| 040 |
_aPY-SlUNAC _bspa _erda |
||
| 041 | _aspa | ||
| 082 |
_a338.927 _bM478t |
||
| 100 |
_aMckie, Robin _eAutor |
||
| 245 | 0 |
_aTecnología / _cpor Robin Mckie [Autor] |
|
| 264 |
_aBarcelona : _bBarcanova, _c℗1985. |
||
| 300 | _a1 volumen | ||
| 520 | _aEl libro de Robin Mckie, publicado por Barcanova en 1985, aborda el impacto de la tecnología en la sociedad contemporánea, explorando tanto sus beneficios como sus desafíos. A través de un análisis crítico, Mckie examina cómo los avances tecnológicos han transformado diversas áreas, incluyendo la comunicación, la educación y la salud. Se discuten las implicaciones éticas y sociales de la dependencia creciente de dispositivos y sistemas tecnológicos, así como su influencia en la vida cotidiana y las relaciones humanas. El autor también destaca la necesidad de un enfoque equilibrado, donde la innovación se implemente responsablemente y se consideren sus repercusiones a largo plazo. Mckie invita a los lectores a reflexionar sobre el papel de la tecnología en la configuración de un futuro sostenible, enfatizando la importancia de la educación y la conciencia crítica en el uso de nuevas herramientas. En definitiva, el libro es una invitación a la reflexión sobre cómo la tecnología puede servir a la humanidad sin comprometer valores fundamentales. | ||
| 653 | _aEducación | ||
| 653 | _aInnovación | ||
| 653 | _aTecnología | ||
| 942 |
_b2026/02/17 _cBK |
||
| 999 |
_c7135 _d7135 |
||